Top 20 Länder mit den meisten Mobilfunkverträgen - Statistiken

Allgemein
  • Dieses Quiz wurde 82 mal gespielt
  • Das Durchschnittsergebnis liegt bei 16 aus 20
Antwortstatistiken
Anzahl an Mobiltelefonen Land % Korrekt
107.500.000 Deutschland
100%
422.000.000 USA
100%
1.649.301.700 China
99%
1.176.021.869 Indien
97%
229.431.008 Russland
95%
207.046.810 Brasilien
93%
179.872.794 Japan
91%
120.137.510 Mexiko
88%
319.434.605 Indonesien
82%
80.117.999 Türkei
78%
125.098.000 Thailand
74%
93.784.497 Ägypten
73%
153.986.607 Pakistan
73%
83.342.468 Italien
70%
92.427.958 Südafrika
69%
172.730.603 Nigeria
65%
161.771.617 Bangladesch
64%
88.722.442 Iran
64%
134.592.608 Philippinen
59%
140.639.140 Vietnam
58%
Keine übereinstimmenden Quizze gefunden
Verteilung der Resultate
Anzahl Personen mit jedem Resultat
Perzentil nach korrekt beantworteten Fragen
Ihre Resultats-Entwicklung
Sie haben dieses Quiz noch nicht gespielt